Sebiji Kek Yang Lazat

Bibliographic Details
Main Author: Oly Suraidah
Format: Book
Published: Wilayah Persekutan : Star Trading , 2008
Series:Siri Nilai murni

MARC

LEADER 00000cam a2200000 7i4500
001 0000046695
005 20150819.0
008 150405
020 |a 9789833949151 (set) 
090 0 0 |a MOR   |b MAL 
100 0 |a Oly Suraidah 
245 1 0 |a Sebiji Kek Yang Lazat   |c Oly Suraidah 
260 |a Wilayah Persekutan :   |b Star Trading ,   |c 2008 
490 0 |a Siri Nilai murni 
999 |a 0001062454   |b Book   |c Children Collection   |e Cawangan Taman Sri Lambak 
999 |a 0001088291   |b Book   |c Children Collection   |e Cawangan Segamat 
999 |a 0001088299   |b Book   |c Children Collection   |e Cawangan Taman Sri Lambak 
999 |a 0001088307   |b Book   |c Children Collection   |e Cawangan Bukit Gambir 
999 |a 0001088355   |b Book   |c Children Collection   |e Cawangan Mersing 
999 |a 0001088442   |b Book   |c Children Collection   |e Cawangan Bukit Gambir 
999 |a 0001088450   |b Book   |c Children Collection   |e Cawangan Taman Sri Lambak 
999 |a 0001088458   |b Book   |c Children Collection   |e Cawangan Segamat 
999 |a 0001088474   |b Book   |c Children Collection   |e Cawangan Segamat 
999 |a 0001088490   |b Book   |c Children Collection   |e Cawangan Bukit Gambir 
999 |a 0001088498   |b Book   |c Children Collection   |e Cawangan Taman Sri Lambak 
999 |a 0001088562   |b Book   |c Children Collection   |e Cawangan Bandar Tenggara 
999 |a 0001088570   |b Book   |c Children Collection   |e Cawangan Mersing 
999 |a 0001088602   |b Book   |c Children Collection   |e Cawangan Segamat 
999 |a 0001088618   |b Book   |c Children Collection   |e Cawangan Bukit Gambir 
999 |a 0001088666   |b Book   |c Children Collection   |e Cawangan Mersing